000 00658nam a22001697a 4500
003 BD-DhUL
005 20160829124407.0
008 160829b xxu||||| |||| 00| 0 eng d
040 _cBD-DhUL
082 _a920
_bFIB
100 _aফিরোজ, মুহম্মদ শাহাবুদ্দিন খান
245 _aবিকালে ভোরের পাখীরা /
_cফিরোজ, মুহম্মদ শাহাবুদ্দিন খান
260 _aঢাকা :
_bতানভীর,
_c২০১৪.
300 _a১১৬ পৃ. ;
_c২২ সেমি.
650 _aইতিহাস
_vHistory
942 _2ddc
_cBK
999 _c102295
_d102295